1578 1449 1727 1506 1172 1766 1355 1765 1441 1541 1291 1675 1754 1829 1379 1753 1259 1638 1850 1651 1913 1843 1188 1421 1721 1957 1413 1124 1764 1156 1650 1100 1111 1897 1882 1983 1964 1061 1433 1781 1444 1166 1368 1024 1244 1275 1089 1804 1113 1161 1247 1789 1971 1361 1332 1558 1880 1634 1015 1380 1840 1154 1030 1130 1659 1138 1437 1116 1777 1811 1620 1885 1094 1747 1178 1370 1783 1947 1483 1957 1368 1048 1022 1212 1643 1907 1392 1762 1311 1597 1636 1506 1492 1230 1529 1117 1283 1702 1330 BCNSPRNW ULIB Ver.6.0+V

เปลี่ยนเป็นภาษาไทย

Change to English
 แสดงรายละเอียดบรรณานุกรม
  กลับหน้าหลัก

Brief Record : Get Marc (ISO 2709) : E-mail record : QR code < ปิดหน้าต่าง
LEADER : 00000nam 2200000uu 4500
001    13399126014
003     ULIB
008    180427s2559||||th 000 0 tha d
020    ^a9786160027378
050    ^aนว^bญ461อ
100  0  ^aญาณนภา.
245  1  ^aอัคนีพยัคฆ์ /^cญาณนภา.
250    ^aพิมพ์ครั้งที่ 1.
260    ^aกรุงเทพฯ :^bPrincess,^c2559.
300    ^a511 หน้า ;^c21 ซม.
490  1  ^aชุดจอมใจพยัคฆ์
830    0 ^aชุดจอมใจพยัคฆ์.
850    ^aมบ.
945    ^p300^l0^i003428
999    ^aประนอม เกษจรัล
รายการนี้ยังไม่มีแท็ก
คุณยังไม่ได้ล็อกอิน คุณสามารถมีกิจกรรมร่วมกับเว็บไซต์ได้ แต่ต้องล็อกอินก่อน ::
  ล็อกอิน

รายการสื่อสารสนเทศ

ลำดับที่ ประเภท เลขเรียก/บาร์โค้ด สถานที่ สถานะ
1. นวนิยาย
นวนิยาย
นว ญ461อ ฉ.1 
  Barcode: 003428
ห้องสมุดวิทยาเขตนครสวรรค์
►นวนิยาย:l:Fiction
บนชั้น

BibComment


ยังไม่เคยถูกคอมเมนท์

คอมเมนท์ทรัพยากรรายการนี้
  คอมเมนท์: อัคนีพยัคฆ์ ญ..


 Copyright 2026. Bcnsprnw @Library